000
00391nam a22001097a 4500
040
_c
SY
082
_a
632
100
_a
នុត ចន្ថា
245
_a
សេចក្ដីព្រាងច្បាប់ស្ដីពី ការគ្រប់គ្រងថ្នាំកសិកម្មនិងជីកសិកម្ម
260
_a
NA
_b
នុត
_c
NA
942
_c
KB
999
_c
9793
_d
9793